[Event "Hastings Main B 1990/91"]
[Site "Hastings"]
[Date "1990.12.??"]
[Round "?"]
[White "Worsley, C"]
[Black "Pesonen, Erkki"]
[Result "0-1"]
[WhiteElo "1440"]
[BlackElo "1648"]
[PlyCount "72"]
[EventDate "1990.12.28"]
[EventType "swiss"]
[EventRounds "9"]
[EventCountry "ENG"]
[SourceTitle "Denman Collection"]
[Source "Brian Denman"]
[SourceDate "2023.11.29"]
[SourceVersion "1"]
[SourceVersionDate "2023.11.29"]
[SourceQuality "1"]

1. Nc3 d5 2. e4 d4 3. Nce2 e5 4. Nf3 Bd6 5. Ng3 Ne7 6. Bc4 Bg4 7. h3 Be6 8.
Bxe6 fxe6 9. Ng5 Kd7 10. Nf7 Qe8 11. Nxh8 Qxh8 12. Qe2 c5 13. Qb5+ Kc7 14. d3
Ng6 15. Ne2 Nc6 16. a4 Rf8 17. Bd2 Nf4 18. Nxf4 exf4 19. a5 g5 20. a6 b6 21. c3
Qf6 22. Qa4 f3 23. g3 Bxg3 24. Rg1 Bf4 25. O-O-O dxc3 26. Bxf4+ Qxf4+ 27. Kc2
Nd4+ 28. Kxc3 Ne2+ 29. Kc2 Nxg1 30. Rxg1 Qh2 31. Rxg5 Qxf2+ 32. Kb3 Qg2 33.
Rxc5+ bxc5 34. Qa5+ Kc6 35. Qa4+ Kd6 36. d4 Rb8+ {Source: E I Pesonen (Brian
Denman Collection)} 0-1

[Event "Hastings Xmas A 1990/91"]
[Site "Hastings"]
[Date "1990.??.??"]
[Round "3"]
[White "De Coverly, Roger D"]
[Black "Le Blancq, Simon Charles"]
[Result "0-1"]
[WhiteElo "2008"]
[BlackElo "2160"]
[PlyCount "140"]
[EventDate "1990.12.28"]
[EventType "swiss"]
[EventRounds "5"]
[EventCountry "ENG"]
[SourceTitle "BritBase"]
[Source "John Saunders"]
[SourceDate "2024.07.22"]
[SourceVersion "1"]
[SourceVersionDate "2024.07.22"]
[SourceQuality "1"]

1. e4 c5 2. Nf3 Nc6 3. g3 g6 4. Bg2 Bg7 5. O-O Nf6 6. Nc3 O-O 7. Re1 Rb8 8. a4
b6 9. Nd5 d6 10. c3 e6 11. Nxf6+ Bxf6 12. d4 cxd4 13. cxd4 a5 14. Bh6 Re8 15.
e5 dxe5 16. dxe5 Bg7 17. Bg5 Qxd1 18. Raxd1 Nb4 19. Nd4 Bb7 20. Bxb7 Rxb7 21.
Nb5 Reb8 22. h4 Nd5 23. Kg2 h6 24. Bf4 Rd7 25. Nc3 Rbd8 26. Nxd5 Rxd5 27. Rc1
b5 28. axb5 Rxb5 29. Rc7 Rxb2 30. Ra7 Rb5 31. Re2 Rbd5 32. Rc2 R8d7 33. Rc8+
Kh7 34. Rca8 Rxa7 35. Rxa7 g5 36. hxg5 hxg5 37. Bxg5 Bxe5 38. Be3 Kg7 39. Ra8
Bc3 40. Ra6 Rd1 41. Rc6 Bf6 42. Rc4 Rd5 43. Rc8 Rb5 44. Ra8 Bc3 45. Rc8 Bb2 46.
Ra8 Bc3 47. Rc8 Bb4 48. Ra8 Kf6 49. Ra7 Bc3 50. Rc7 Bb4 51. Ra7 Kg6 52. Ra8 Kf5
53. Ra7 f6 54. Kf3 Ke5 55. g4 Kd5 56. Bh6 Bc5 57. Ra6 Rb3+ 58. Be3 Bb4 59. Ra7
Ra3 60. Rf7 Bc3 61. Rd7+ Kc6 62. Ra7 Ra4 63. Ra6+ Kd5 64. Ra8 Rc4 65. Rd8+ Ke5
66. Ba7 f5 67. g5 f4 68. Rf8 Kd5 69. Rxf4 Rxf4+ 70. Kxf4 a4 {Source: StarBase
4.56} 0-1

[Event "Hastings Xmas A 1990/91"]
[Site "Hastings"]
[Date "1990.??.??"]
[Round "4"]
[White "De Coverly, Roger D"]
[Black "Giddins, Stephen W"]
[Result "1/2-1/2"]
[WhiteElo "2008"]
[BlackElo "2216"]
[PlyCount "80"]
[EventDate "1990.12.28"]
[EventType "swiss"]
[EventRounds "5"]
[EventCountry "ENG"]
[SourceTitle "BritBase"]
[Source "John Saunders"]
[SourceDate "2024.07.22"]
[SourceVersion "1"]
[SourceVersionDate "2024.07.22"]
[SourceQuality "1"]

1. e4 e6 2. d3 d5 3. Nd2 c5 4. Ngf3 Nc6 5. g3 g6 6. Bg2 Bg7 7. O-O Nge7 8. Re1
O-O 9. e5 h6 10. h4 Qc7 11. Qe2 b6 12. Nf1 Nf5 13. Bf4 Ba6 14. N1h2 Rac8 15.
Ng4 c4 16. Qd2 cxd3 17. cxd3 Ncd4 18. Nxd4 Nxd4 19. Rac1 Qxc1 20. Rxc1 Rxc1+
21. Kh2 Rc2 22. Qb4 Nc6 23. Qa3 Bb7 24. d4 Rc8 25. Qe3 Ne7 26. Qa3 Nc6 27. Bxh6
Nxd4 28. Bxg7 Kxg7 29. Qxa7 R2c7 30. Qxb6 Nf5 31. Nf6 Bc6 32. b4 d4 33. Bh3 d3
34. Bxf5 gxf5 35. Qe3 Rd8 36. Qg5+ Kf8 37. Nh7+ Ke8 38. Nf6+ Kf8 39. Qh6+ Ke7
40. Qg5 Kf8 {Source: StarBase 4.56} 1/2-1/2

[Event "Hastings Xmas B 1990/91"]
[Site "Hastings"]
[Date "1990.??.??"]
[Round "1"]
[White "Speigel, Jack A"]
[Black "Watson, J"]
[Result "0-1"]
[WhiteElo "1784"]
[BlackElo "1864"]
[PlyCount "47"]
[EventDate "1990.12.28"]
[EventType "swiss"]
[EventRounds "5"]
[EventCountry "ENG"]
[SourceTitle "BritBase"]
[Source "John Saunders"]
[SourceDate "2024.07.22"]
[SourceVersion "1"]
[SourceVersionDate "2024.07.22"]
[SourceQuality "1"]

1. e4 e6 2. d4 d5 3. exd5 exd5 4. Bd3 Nc6 5. c3 Bd6 6. Qc2 Nge7 7. Ne2 Ng6 8.
Be3 Be6 9. Nd2 Qd7 10. Bg5 Nce7 11. O-O-O f6 12. Be3 Nf5 13. Bxf5 Bxf5 14. Qb3
Qc6 15. g3 a5 16. Rde1 a4 17. Qd1 a3 18. b3 O-O 19. Nb1 b5 20. f3 b4 21. Kd2
Rfb8 22. g4 Bd7 23. Qc2 Qa6 24. Rc1 {Source: StarBase 4.56} 0-1

[Event "Hastings Xmas B 1990/91"]
[Site "Hastings"]
[Date "1990.??.??"]
[Round "2"]
[White "Watson, J"]
[Black "Shilling, RC"]
[Result "1/2-1/2"]
[WhiteElo "1864"]
[BlackElo "1816"]
[PlyCount "36"]
[EventDate "1990.12.28"]
[EventType "swiss"]
[EventRounds "5"]
[EventCountry "ENG"]
[SourceTitle "BritBase"]
[Source "John Saunders"]
[SourceDate "2024.07.22"]
[SourceVersion "1"]
[SourceVersionDate "2024.07.22"]
[SourceQuality "1"]

1. d4 g6 2. c4 Bg7 3. Nc3 Nf6 4. e4 d6 5. Be2 O-O 6. Bg5 h6 7. Be3 e5 8. d5 a6
9. g4 b5 10. g5 hxg5 11. Bxg5 b4 12. Na4 Nbd7 13. h4 Qe8 14. Qd3 Nh7 15. b3
Ndf6 16. Bd2 a5 17. Rc1 Qd7 18. c5 Ba6 {Source: StarBase 4.56} 1/2-1/2

[Event "Hastings Xmas B 1990/91"]
[Site "Hastings"]
[Date "1990.??.??"]
[Round "3"]
[White "Sandercock, E Barry"]
[Black "Watson, J"]
[Result "1/2-1/2"]
[WhiteElo "1784"]
[BlackElo "1864"]
[PlyCount "24"]
[EventDate "1990.12.28"]
[EventType "swiss"]
[EventRounds "5"]
[EventCountry "ENG"]
[SourceTitle "BritBase"]
[Source "John Saunders"]
[SourceDate "2024.07.22"]
[SourceVersion "1"]
[SourceVersionDate "2024.07.22"]
[SourceQuality "1"]

1. c4 Nf6 2. g3 g6 3. Bg2 Bg7 4. Nc3 O-O 5. d3 d6 6. Nf3 Nbd7 7. O-O e5 8. e4
c6 9. a3 Qe8 10. h3 Nh5 11. Nh4 Bf6 12. Nf5 Qe6 {Source: StarBase 4.56} 1/2-1/2

[Event "Hastings Xmas B 1990/91"]
[Site "Hastings"]
[Date "1990.??.??"]
[Round "4"]
[White "Watson, J"]
[Black "Milner, BE"]
[Result "1-0"]
[WhiteElo "1864"]
[BlackElo "1776"]
[PlyCount "67"]
[EventDate "1990.12.28"]
[EventType "swiss"]
[EventRounds "5"]
[EventCountry "ENG"]
[SourceTitle "BritBase"]
[Source "John Saunders"]
[SourceDate "2024.07.22"]
[SourceVersion "1"]
[SourceVersionDate "2024.07.22"]
[SourceQuality "1"]

1. d4 Nf6 2. c4 c5 3. d5 e6 4. Nc3 exd5 5. cxd5 d6 6. e4 g6 7. f4 Bg7 8. Bb5+
Nfd7 9. a4 Na6 10. Nf3 O-O 11. O-O Nc7 12. Be2 a6 13. Re1 b6 14. Bf1 Re8 15. e5
dxe5 16. d6 Ne6 17. fxe5 Bb7 18. Nd5 Bxd5 19. Qxd5 h6 20. Bd2 Ra7 21. Bc4 Ndf8
22. Rad1 Qd7 23. Qe4 b5 24. Bd5 Rc8 25. Qh4 g5 26. Qh5 c4 27. Rf1 Rc5 28. Be3
Rxd5 29. Rxd5 Ng6 30. Qg4 h5 31. Qf5 Ngf4 32. Rdd1 Rb7 33. Nxg5 Nxg5 34. Qxg5 {
Source: StarBase 4.56} 1-0

[Event "Hastings Xmas C 1990/91"]
[Site "Hastings"]
[Date "1990.12.29"]
[Round "2"]
[White "Knapp, Eric Wilfred"]
[Black "Ravilious, Chris P"]
[Result "1-0"]
[WhiteElo "1504"]
[BlackElo "1680"]
[PlyCount "57"]
[EventDate "1990.12.28"]
[EventType "swiss"]
[EventRounds "5"]
[EventCountry "ENG"]
[SourceTitle "Denman Collection"]
[Source "Brian Denman"]
[SourceDate "2023.11.29"]
[SourceVersion "1"]
[SourceVersionDate "2023.11.29"]
[SourceQuality "1"]

1. d4 Nf6 2. c4 e6 3. Nf3 c5 4. Nc3 d5 5. Bg5 cxd4 6. Nxd4 Be7 7. cxd5 Nxd5 8.
Bxe7 Nxe7 9. e3 a6 10. Be2 Bd7 11. O-O Nbc6 12. a3 O-O 13. Rc1 Nxd4 14. Qxd4
Nf5 15. Qf4 Bc6 16. Rfd1 Qb6 17. b4 Rad8 18. Bf3 Ne7 19. Bxc6 Qxc6 20. Qg4 Qb6
21. h3 Nc6 22. Qe2 Qc7 23. Ne4 Rxd1+ 24. Qxd1 Rd8 25. Qc2 Rd5 26. Nc5 Qb6 $4
27. Nxb7 g6 28. Qxc6 Rd1+ 29. Kh2 {Source: C P Ravilious (Brian Denman
Collection)} 1-0

[Event "Hastings Xmas C 1990/91"]
[Site "Hastings"]
[Date "1990.12.31"]
[Round "4"]
[White "Bond, PA"]
[Black "Ravilious, Chris P"]
[Result "1/2-1/2"]
[WhiteElo "1488"]
[BlackElo "1680"]
[PlyCount "100"]
[EventDate "1990.12.28"]
[EventType "swiss"]
[EventRounds "5"]
[EventCountry "ENG"]
[SourceTitle "Denman Collection"]
[Source "Brian Denman"]
[SourceDate "2023.11.29"]
[SourceVersion "1"]
[SourceVersionDate "2023.11.29"]
[SourceQuality "1"]

1. e4 c6 2. Bc4 d5 3. exd5 cxd5 4. Bb5+ Nc6 5. h3 Nf6 6. Nf3 Qc7 7. c4 dxc4 8.
Bxc4 Bf5 9. O-O e6 10. d4 Rd8 11. Bb5 a6 12. Bxc6+ Qxc6 13. Nc3 b5 14. Be3 Bb4
15. Rc1 Qb7 16. Nh4 Be4 17. Nxe4 Qxe4 18. Nf3 O-O 19. Qc2 Qd5 20. a3 Ba5 21.
Qc6 Rd6 22. Qxd5 Nxd5 23. Rc2 Bd8 24. Rfc1 Nb6 25. b3 Nd5 26. Rc6 Rxc6 27. Rxc6
a5 28. Bd2 b4 29. axb4 axb4 30. Ne1 Bf6 31. Nc2 Ra8 32. Rc4 g6 33. Nxb4 Ra3 34.
Bh6 Ra1+ 35. Kh2 Ra8 36. Nxd5 exd5 37. Rb4 Be7 38. Rb5 Rd8 39. Bf4 f5 40. Rb8
Kf7 41. Rxd8 Bxd8 42. b4 Bb6 43. Be5 Ke6 44. Kg3 Kd7 45. Kh4 Bd8+ 46. Kg3 Kc6
47. Kf3 Be7 48. g4 fxg4+ 49. hxg4 Bxb4 50. Ke3 Kd7 {Source: C P Ravilious 
(Brian Denman Collection)} 1/2-1/2

[Event "Hastings Xmas C 1990/91"]
[Site "Hastings"]
[Date "1991.01.01"]
[Round "5"]
[White "Ravilious, Chris P"]
[Black "Cole, Forest"]
[Result "1/2-1/2"]
[WhiteElo "1680"]
[BlackElo "1680"]
[PlyCount "63"]
[EventDate "1990.12.28"]
[EventType "swiss"]
[EventRounds "5"]
[EventCountry "ENG"]
[SourceTitle "Denman Collection"]
[Source "Brian Denman"]
[SourceDate "2023.11.29"]
[SourceVersion "1"]
[SourceVersionDate "2023.11.29"]
[SourceQuality "1"]

1. e4 c5 2. Nf3 Nc6 3. d4 cxd4 4. Nxd4 Nf6 5. Nc3 e5 6. Nb3 Bb4 7. Bg5 Bxc3+ 8.
bxc3 d6 9. Bd3 O-O 10. O-O h6 11. Bh4 Be6 12. c4 Rc8 13. Qd2 b6 14. Bxf6 Qxf6
15. f4 exf4 16. Rxf4 Qe5 17. Raf1 Ne7 18. Qf2 Ng6 19. Rf3 Bxc4 20. Bxc4 Rxc4
21. Rxf7 Qe8 22. Rxf8+ Nxf8 23. Nd4 Ng6 24. Nf5 Qe6 25. Nxd6 Ra4 26. Qg3 Rxa2
27. Qc3 Kh7 28. Nf5 Qe5 29. Qb3 Ra1 30. Rxa1 Qxa1+ 31. Kf2 Qe5 32. Ng3 {
Source: C P Ravilious (Brian Denman Collection)} 1/2-1/2

[Event "Hastings Xmas C 1990/91"]
[Site "Hastings"]
[Date "1990.??.??"]
[Round "?"]
[White "Bryant, Marc A"]
[Black "Vann, Monica S"]
[Result "1/2-1/2"]
[WhiteElo "1600"]
[BlackElo "1504"]
[PlyCount "167"]
[EventDate "1990.12.28"]
[EventType "swiss"]
[EventRounds "5"]
[EventCountry "ENG"]
[SourceTitle "BritBase"]
[Source "John Saunders"]
[SourceDate "2024.07.22"]
[SourceVersion "1"]
[SourceVersionDate "2024.07.22"]
[SourceQuality "1"]

1. e4 d5 2. exd5 Nf6 3. d4 Nxd5 4. c4 Nb4 5. Nf3 Bd7 6. a3 N4a6 7. Nc3 c6 8. h3
g6 9. Be3 Nc7 10. Bd3 b5 11. c5 Nd5 12. Qc2 Bg7 13. Nxd5 cxd5 14. O-O a6 15.
Rfe1 Nc6 16. b4 O-O 17. Qd2 Re8 18. Bc2 Qc8 19. Kf1 Bf5 20. Rad1 Bxc2 21. Qxc2
a5 22. Qb3 e6 23. Rd2 axb4 24. axb4 Ra4 25. Ra2 Rxb4 26. Qc3 Ra4 27. Rxa4 bxa4
28. Ra1 Qa6+ 29. Ke1 Rb8 30. Qa3 Ra8 31. Rb1 Rb8 32. Rxb8+ Nxb8 33. Bf4 Nc6 34.
Be5 Qa5+ 35. Ke2 Qb5+ 36. Kd2 Na5 37. Kd1 Nc4 38. Qa1 a3 39. Bxg7 Kxg7 40. Nd2
Qa5 41. Nxc4 Qa4+ 42. Ke1 Qxc4 $2 43. Qxa3 Qxd4 44. c6 Qe4+ 45. Kd2 Qd4+ 46.
Ke1 Qc4 47. Qd6 d4 48. Qe5+ Kh6 49. Qf4+ Kg7 50. Qe5+ Kf8 51. Qd6+ Kg7 52. Qe5+
Kh6 53. Qf4+ Kg7 54. c7 Qc3+ 55. Qd2 Qxc7 56. Qxd4+ Kg8 57. Qe4 Qa5+ 58. Kf1
Qd5 59. Qe2 e5 60. Kg1 f5 61. Qa6 e4 62. Qc8+ Kg7 63. Qc7+ Qf7 64. Qc3+ Qf6 65.
Qc7+ Kh6 66. Kh2 g5 67. Qc1 Kg6 68. Qc4 Kh6 69. Qc1 Qd6+ 70. g3 f4 71. h4 Kh5
72. hxg5 Kxg5 73. Kg2 Kf5 74. Qc8+ Qe6 75. Qf8+ Qf6 76. Qc8+ Kg5 77. Qg8+ Kh6
78. Qg4 fxg3 79. Qxe4 Qxf2+ 80. Kh3 Qh2+ 81. Kg4 g2 82. Qe6+ Kg7 83. Qe7+ Kg8
84. Qe8+ {Source: StarBase 4.56} 1/2-1/2

[Event "Hastings Xmas C 1990/91"]
[Site "Hastings"]
[Date "1990.??.??"]
[Round "?"]
[White "Vann, Monica S"]
[Black "Knapp, Eric Wilfred"]
[Result "1-0"]
[WhiteElo "1504"]
[BlackElo "1504"]
[PlyCount "97"]
[EventDate "1990.12.28"]
[EventType "swiss"]
[EventRounds "5"]
[EventCountry "ENG"]
[SourceTitle "BritBase"]
[Source "John Saunders"]
[SourceDate "2024.07.22"]
[SourceVersion "1"]
[SourceVersionDate "2024.07.22"]
[SourceQuality "1"]

1. e4 c5 2. d4 cxd4 3. c3 dxc3 4. Nxc3 a6 5. Bc4 e6 6. Nge2 b5 7. Bb3 Bb7 8. a3
Bc5 9. O-O Ne7 10. Bf4 O-O 11. Bd6 Bxd6 12. Qxd6 Nbc6 13. Rfd1 Qb6 14. Qg3 Na5
15. Ba2 Rfd8 16. Rd6 Qa7 17. Rad1 Bc6 18. Nf4 Nc4 19. Nh5 Ng6 20. Bxc4 bxc4 21.
R1d4 Qc5 22. Qg4 Rab8 23. Qe2 Qg5 24. Ng3 Qc1+ 25. Rd1 Qxb2 26. Qxb2 Rxb2 27.
Rxc6 Ne5 28. Rxa6 Nd3 29. Nge2 g6 30. Rd6 Kf8 31. Kf1 Ke7 32. Rd4 Ne5 33. R4d2
Rb3 34. a4 Nd3 35. Rb1 Rxb1+ 36. Nxb1 d5 37. exd5 exd5 38. Nd4 Kd6 39. Ke2 Re8+
40. Kf3 Kc5 41. Ne2 d4 42. a5 Ne5+ 43. Kg3 d3 44. Nec3 Nc6 45. a6 Re7 46. Na3
Nb4 47. Na4+ Kd4 48. Nb5+ Kd5 49. a7 {Source: StarBase 4.56} 1-0